[Event "Nova Gorica op 28th"]
[Site "Nova Gorica"]
[Date "2024.02.01"]
[Round "8"]
[White "Plaskan, Jure"]
[Black "Zlatanovic, Srdjan"]
[Result "1-0"]
[WhiteElo "2262"]
[BlackElo "1675"]
[PlyCount "69"]
[EventDate "2024.01.26"]
[EventType "swiss"]
[EventRounds "9"]
[EventCountry "SLO"]
[SourceTitle "CB06_2024"]
[SourceDate "2024.02.07"]
[SourceVersion "1"]
[SourceVersionDate "2024.02.07"]
[SourceQuality "1"]

1. e4 e5 2. Nf3 Nf6 3. Nxe5 Nc6 4. Nxc6 dxc6 5. d3 Bc5 6. Be2 Ng4 7. Bxg4 Qh4 8. Qf3 Bxg4 9. Qg3 Qh5 10. f3 Be6 11. Qg5 Qxg5 12. Bxg5 f6 13. Bh4 0-0-0 14. Bf2 Bd6 15. d4 Bc4 16. Nd2 Ba6 17. Be3 g5 18. Kf2 Rhg8 19. g4 h5 20. gxh5 c5 21. c3 cxd4 22. cxd4 c5 23. Rac1 b6 24. b4 Kb8 25. bxc5 bxc5 26. dxc5 Bc7 27. Nc4 f5 28. exf5 Bb7 29. Rhg1 Rd3 30. Nd6 Bc6 31. h6 Rh8 32. Rxg5 Ba5 33. Rb1+ Ka8 34. h7 Bd5 35. Rbg1 1-0

[Event "Nova Gorica op-A 26th"]
[Site "Nova Gorica"]
[Date "2022.09.19"]
[Round "6"]
[White "Guid, Taja"]
[Black "Zlatanovic, Srdjan"]
[Result "1/2-1/2"]
[WhiteElo "1511"]
[BlackElo "1740"]
[PlyCount "83"]
[EventDate "2022.09.16"]
[EventType "swiss"]
[EventRounds "9"]
[EventCountry "SLO"]
[SourceTitle "CBM 210 Extra"]
[Source "ChessBase"]
[SourceDate "2022.11.30"]
[SourceVersion "1"]
[SourceVersionDate "2022.11.30"]
[SourceQuality "1"]

1. e4 c5 2. Nc3 a6 3. Nge2 b5 4. g3 Bb7 5. Bg2 d6 6. d4 cxd4 7. Nxd4 Nd7 8. 0-0 g6 9. Re1 Bg7 10. Be3 Ngf6 11. e5 dxe5 12. Bxb7 exd4 13. Bxa8 dxe3 14. Bg2 exf2+ 15. Kxf2 0-0 16. Kg1 b4 17. Na4 Qa5 18. c4 bxc3 19. Rxe7 cxb2 20. Rb1 Rd8 21. Qc2 Nd5 22. Bxd5 Qxd5 23. Qe4 Qxa2 24. Qc2 Bd4+ 25. Kg2 Ne5 26. Nxb2 Qd5+ 27. Kh3 Nf3 28. g4 Qg5 29. Qc7 Qh4+ 30. Kg2 Qf2+ 31. Kh1 Bb6 32. Qf4 Rf8 33. Nd3 Qc2 34. Rxb6 Qxd3 35. Kg2 Nh4+ 36. Kf2 Qc2+ 37. Kg3 Qc5 38. Qe3 Qc2 39. Qe2 Qc5 40. Qe3 Qc2 41. Qe2 Qc5 42. Qe3 1/2-1/2

[Event "Nova Gorica op 25th"]
[Site "Nova Gorica"]
[Date "2020.01.30"]
[Round "9"]
[White "Zlatanovic, Srdjan"]
[Black "Herega, Nejc"]
[Result "0-1"]
[WhiteElo "1680"]
[BlackElo "1967"]
[PlyCount "61"]
[EventDate "2020.01.24"]
[EventType "swiss"]
[EventRounds "9"]
[EventCountry "SLO"]
[SourceTitle "CBM 194"]
[Source "ChessBase"]
[SourceDate "2020.01.27"]
[SourceVersion "1"]
[SourceVersionDate "2020.01.27"]
[SourceQuality "1"]

1. d4 Nf6 2. Nf3 g6 3. Bg5 Bg7 4. e3 d5 5. Nbd2 c5 6. c3 Nc6 7. Be2 h6 8. Bh4 g5 9. Bg3 Nh5 10. Be5 Nf6 11. Bg3 Bf5 12. Ne5 Qb6 13. Qb3 c4 14. Qxb6 axb6 15. Bf3 0-0 16. h3 Rfd8 17. 0-0 b5 18. Nxc6 bxc6 19. Bc7 Rdc8 20. Be5 Bd3 21. Rfe1 Ne4 22. Bxe4 dxe4 23. Bxg7 Kxg7 24. a3 c5 25. dxc5 Rxc5 26. Nf1 Rd5 27. Red1 Rad8 28. Ng3 f5 29. Rd2 f4 30. exf4 gxf4 31. Ne2 0-1

[Event "Nova Gorica op 24th"]
[Site "Nova Gorica"]
[Date "2019.01.27"]
[Round "4"]
[White "Mestek, Igor"]
[Black "Zlatanovic, Srdjan"]
[Result "1-0"]
[WhiteElo "2135"]
[BlackElo "1638"]
[PlyCount "29"]
[EventDate "2019.01.25"]
[EventType "swiss"]
[EventRounds "9"]
[EventCountry "SLO"]
[SourceTitle "CBM 188 Extra"]
[Source "ChessBase"]
[SourceDate "2019.02.26"]
[SourceVersion "1"]
[SourceVersionDate "2019.02.26"]
[SourceQuality "1"]

1. e4 c5 2. Nf3 a6 3. Nc3 b5 4. d4 cxd4 5. Nxd4 Bb7 6. Bd3 d6 7. 0-0 Nd7 8. a4 b4 9. Nd5 Bxd5 10. exd5 Ngf6 11. Re1 Ne5 12. Be2 Nxd5 13. f4 Ng6 14. Bf3 Ndxf4 15. Bc6+ 1-0

[Event "Nova Gorica op 24th"]
[Site "Nova Gorica"]
[Date "2019.01.26"]
[Round "2"]
[White "Bizjak, Janez"]
[Black "Zlatanovic, Srdjan"]
[Result "0-1"]
[WhiteElo "1917"]
[BlackElo "1638"]
[PlyCount "118"]
[EventDate "2019.01.25"]
[EventType "swiss"]
[EventRounds "9"]
[EventCountry "SLO"]
[SourceTitle "CBM 188 Extra"]
[Source "ChessBase"]
[SourceDate "2019.02.26"]
[SourceVersion "1"]
[SourceVersionDate "2019.02.26"]
[SourceQuality "1"]

1. f4 c5 2. Nf3 a6 3. e4 b6 4. c4 Bb7 5. Nc3 g6 6. d4 d6 7. Be3 Bg7 8. e5 Nd7 9. Be2 Nh6 10. exd6 exd6 11. 0-0 Nf5 12. Bf2 0-0 13. Rc1 Ra7 14. d5 Bc8 15. g4 Nh6 16. h3 Re8 17. Bh4 Qc7 18. Bd3 Nf8 19. Qc2 Qd7 20. Qg2 f6 21. Rce1 Qf7 22. Rxe8 Qxe8 23. Re1 Re7 24. Rxe7 Qxe7 25. Qe2 Qd7 26. Nh2 Nf7 27. Ne4 Qa4 28. b3 Qa3 29. Nxf6+ Bxf6 30. Bxf6 Qc1+ 31. Qf1 Qe3+ 32. Kg2 Qd2+ 33. Kg3 Qxa2 34. Qd1 Nd7 35. Be7 Qb2 36. Nf3 Nf6 37. Ng5 Nxg5 38. fxg5 Qe5+ 39. Kg2 Qxe7 40. gxf6 Qxf6 41. Qe2 Bd7 42. Bc2 b5 43. Bd3 bxc4 44. Bxc4 a5 45. Qd2 a4 46. b4 a3 47. bxc5 Qb2 48. Qxb2 axb2 49. Ba2 dxc5 50. Kf2 Ba4 51. Bb1 Kf7 52. Ke3 Ke7 53. Kd3 Kd6 54. Kc3 Kxd5 55. Kxb2 Bd1 56. Kc3 Bf3 57. Bd3 Be4 58. Bc4+ Ke5 59. h4 Kf4 0-1

[Event "Bled Planinc Memorial 1st"]
[Site "Bled"]
[Date "2018.11.24"]
[Round "6"]
[White "Lind, Jan Olov"]
[Black "Zlatanovic, Srdjan"]
[Result "1-0"]
[WhiteElo "2215"]
[BlackElo "1652"]
[PlyCount "69"]
[EventDate "2018.11.24"]
[EventType "swiss (blitz)"]
[EventRounds "9"]
[EventCountry "SLO"]
[SourceTitle "CBM 187 Extra"]
[Source "ChessBase"]
[SourceDate "2018.11.04"]
[SourceVersion "1"]
[SourceVersionDate "2018.11.04"]
[SourceQuality "1"]

1. e4 c5 2. Nf3 a6 3. d3 b5 4. g3 Bb7 5. Bg2 d6 6. 0-0 Nd7 7. Re1 Qc7 8. c3 g6 9. d4 cxd4 10. cxd4 Bg7 11. Nc3 Ngf6 12. a3 0-0 13. Bg5 h6 14. Bd2 Rfd8 15. Rc1 Qb8 16. Qe2 Ne8 17. h4 Qa7 18. Be3 Rac8 19. Qd2 Kh7 20. d5 Qb8 21. h5 Nef6 22. hxg6+ fxg6 23. Nd4 Ng4 24. Ne6 Nxe3 25. Qxe3 Rg8 26. Nxg7 Rxg7 27. Bh3 Rd8 28. Ne2 Ne5 29. Nd4 Bc8 30. Bxc8 Rxc8 31. Ne6 Rf7 32. f4 Rxc1 33. Rxc1 Nc4 34. Qd4 Qb6 35. Rxc4 1-0

[Event "Otocec Krka Terme op"]
[Site "Otocec"]
[Date "2017.11.05"]
[Round "8"]
[White "Siraj, Anej"]
[Black "Zlatanovic, Srdjan"]
[Result "1-0"]
[WhiteElo "1862"]
[BlackElo "1559"]
[PlyCount "53"]
[EventDate "2017.11.02"]
[EventType "swiss"]
[EventRounds "9"]
[EventCountry "SLO"]
[SourceTitle "EXT 2019"]
[Source "ChessBase"]
[SourceDate "2018.10.10"]
[SourceVersion "1"]
[SourceVersionDate "2018.10.10"]
[SourceQuality "1"]

1. d4 Nf6 2. Nf3 g6 3. Nc3 Bg7 4. e4 d6 5. h3 0-0 6. Be2 Nbd7 7. 0-0 Ne8 8. Be3 e5 9. dxe5 Nxe5 10. Nxe5 Bxe5 11. f4 Bxc3 12. bxc3 Ng7 13. Bd3 f6 14. Bc4+ Be6 15. Bxe6+ Nxe6 16. Qd5 Re8 17. f5 c6 18. Qb3 gxf5 19. exf5 d5 20. fxe6 Rxe6 21. Bf4 Qa5 22. Qxb7 Rae8 23. Rf3 Re1+ 24. Rxe1 Rxe1+ 25. Kh2 Qc5 26. Rg3+ Kf8 27. Bh6+ 1-0

[Event "Otocec Krka Terme op"]
[Site "Otocec"]
[Date "2016.10.22"]
[Round "2"]
[White "Zlatanovic, Srdjan"]
[Black "Kobe, Jure"]
[Result "1-0"]
[WhiteElo "1544"]
[BlackElo "1313"]
[PlyCount "71"]
[EventDate "2016.10.21"]
[EventType "swiss"]
[EventRounds "5"]
[EventCountry "SLO"]
[SourceTitle "EXT 2019"]
[Source "ChessBase"]
[SourceDate "2018.10.10"]
[SourceVersion "1"]
[SourceVersionDate "2018.10.10"]
[SourceQuality "1"]

1. d4 d5 2. Bf4 Nf6 3. Nf3 Bf5 4. e3 a6 5. c3 e6 6. Bd3 Bg6 7. Ne5 Bd6 8. Qc2 0-0 9. Nd2 Bxd3 10. Qxd3 h6 11. Ndf3 Nbd7 12. Bg3 Nxe5 13. dxe5 Ne4 14. exd6 cxd6 15. Nd2 Nc5 16. Qe2 Qb6 17. Nb3 Ne4 18. f3 Nf6 19. 0-0 Rac8 20. Bf2 Qc6 21. Nd4 Qd7 22. Bh4 Nh7 23. e4 dxe4 24. fxe4 d5 25. e5 Qa4 26. Qf2 b5 27. Be7 Rfe8 28. Qxf7+ Kh8 29. Nxe6 Rg8 30. Nf4 Nf8 31. Bxf8 Qe4 32. Rae1 Qc4 33. Ng6+ Kh7 34. Qf5 Qc7 35. Bd6 Qa7+ 36. Kh1 1-0

[Event "Nova Gorica op 21st"]
[Site "Nova Gorica"]
[Date "2016.01.31"]
[Round "4"]
[White "Zlatanovic, Srdjan"]
[Black "Vukovic, Igor"]
[Result "1/2-1/2"]
[WhiteElo "1488"]
[BlackElo "1805"]
[PlyCount "130"]
[EventDate "2016.01.29"]
[EventType "swiss"]
[EventRounds "9"]
[EventCountry "SLO"]
[SourceTitle "CBM 170 Extra"]
[Source "ChessBase"]
[SourceDate "2016.02.25"]
[SourceVersion "1"]
[SourceVersionDate "2016.02.25"]
[SourceQuality "1"]

1. d4 d5 2. Bf4 Nf6 3. Nf3 e6 4. e3 Bb4+ 5. c3 Bd6 6. Bg3 0-0 7. Nbd2 c5 8. Bd3 Nc6 9. Bb5 cxd4 10. exd4 Ne7 11. Bd3 Ng6 12. Bxg6 hxg6 13. Bxd6 Qxd6 14. Ne5 a5 15. 0-0 Bd7 16. Re1 Rfc8 17. Ndf3 Be8 18. Qd3 b5 19. Nd2 b4 20. cxb4 Qxb4 21. Rab1 Bb5 22. Qe3 Rc2 23. Nb3 Ne4 24. a3 Qe7 25. f3 Nd6 26. Nc5 Nf5 27. Qf4 Nxd4 28. Qxd4 Qxc5 29. Qxc5 Rxc5 30. b4 axb4 31. axb4 Rcc8 32. Rec1 f6 33. Nxg6 Kf7 34. Nf4 g5 35. Nh3 Bd3 36. Rxc8 Rxc8 37. Rb2 Rc1+ 38. Kf2 Rc2+ 39. Rxc2 Bxc2 40. Ke3 e5 41. Nf2 d4+ 42. Kd2 Bb3 43. Nd3 Bc4 44. Ne1 Ke6 45. g3 f5 46. Nc2 Kd5 47. Na3 Bb3 48. h4 gxh4 49. gxh4 e4 50. fxe4+ fxe4 51. h5 Kc6 52. h6 Bg8 53. Nc2 Kb5 54. Nxd4+ Kxb4 55. Ke3 Bh7 56. Ne2 Kc5 57. Ng3 Kd5 58. Kf4 e3 59. Kxe3 Ke5 60. Kf3 Kf6 61. Kg4 Kg6 62. Nf5 Kf6 63. Nh4 Bc2 64. Kf4 Bb1 65. Kg4 Bc2 1/2-1/2